Management Security of Personality: The Pedagogical Aspect (Record no. 314054)
[ view plain ]
| 000 -LEADER | |
|---|---|
| fixed length control field | 00542nam a2200133Ia 4500 |
| 008 - FIXED-LENGTH DATA ELEMENTS--GENERAL INFORMATION | |
| fixed length control field | 170221s9999 xx 000 0 und d |
| 100 ## - MAIN ENTRY--PERSONAL NAME | |
| Personal name | Natalya A. Kargapoltseva |
| 245 ## - TITLE STATEMENT | |
| Title | Management Security of Personality: The Pedagogical Aspect |
| 245 ## - TITLE STATEMENT | |
| Statement of responsibility, etc | Natalya A. Kargapoltseva, Anna G. Samokhvalova, Sergey M. Kargapoltsev, Sergey A. Dneprov, Vladimir V. Kuznetsov |
| 260 ## - PUBLICATION, DISTRIBUTION, ETC. (IMPRINT) | |
| Name of publisher, distributor, etc | International Review of Management and Marketing |
| 260 ## - PUBLICATION, DISTRIBUTION, ETC. (IMPRINT) | |
| Date of publication, distribution, etc | 2014 |
| 650 ## - SUBJECT ADDED ENTRY--TOPICAL TERM | |
| General subdivision | Marketing. |
| 856 ## - ELECTRONIC LOCATION AND ACCESS | |
| Uniform Resource Identifier | <a href="http://www.econjournals.com/index.php/irmm/issue/view/72">http://www.econjournals.com/index.php/irmm/issue/view/72</a> |
| Withdrawn status | Lost status | Damaged status | Home library | Current library | Date acquired | Total Checkouts | Date last seen | Price effective from | Koha item type |
|---|---|---|---|---|---|---|---|---|---|
| College Library | College Library | 02/21/2017 | 02/21/2017 | 02/21/2017 | Foreign e-journal articles |